Statistics for Children's TV Shows

Click here to take the quiz!

General Stats

  • This quiz has been taken 501 times
  • The average score is 11 of 25

Answer Stats

HintAnswer% Correct
big purple dinosaurBarney
85%
blue tank engineThomas and Friends
85%
she teaches SpanishDora the Explorer
84%
monkey and the man in the yellow hatCurious George
77%
Tinky-Winky, Dipsy, Laa Laa and PoTeletubbies
72%
blue dogBlue's Clues
62%
starring Oscar, Grover, Bert and othersSesame Street
61%
bald four year oldCaillou
52%
animals in the clubhouseMickey Mouse Clubhouse
52%
aardvark who wear glassesArthur
47%
Ms. Frizzle the science teacherThe Magic School Bus
47%
postman of GreendalePostman Pat
41%
curious boy named SidSid the Science Kid
41%
a guinea pig, a duckling and a turtle who are superheroesWonder Pets
41%
talking underwater animals/thingsSpongebob Squarepants
37%
Pablo, Tyrone, Uniqua, Tasha and AustinThe Backyardigans
34%
starring Scoop, Sandy Beach, Roley, Wendy and othersBob the Builder
32%
bears and blue housesBear in the Big Blue House
30%
Tiny, Shiny, Don, Buddy and family on a trainDinosaur Train
29%
one is triangle headed and the other is rectangle headedPhineas and Ferb
29%
Finn battles in the Land of OooAdventure Time
27%
Muno, Brobee, Foofa, Toodee and PlexYo Gabba Gabba!
14%
siblings with a British accentCharlie and Lola
13%
bunny siblingsMax & Ruby
12%
cat in BusytownThe Busy World of Richard Scarry
4%

Score Distribution

Percentile by Number Answered

Percent of People with Each Score

Your Score History

You have not taken this quiz